000
00358nam a2200145Ia 4500
008
100122s9999 xx 000 0 und d
082
_b
14577
_a
823
100
_a
साठे अण्णाभाऊ
245
_a
आग
260
_b
ललित प्रकाशन
_c
1967
300
_a
114
630
_a
आग
730
_a
आग
942
_c
BOOK
999
_c
404992
_d
404989